One Indiana Pacers Player By Season - Statistics

General Stats
  • This quiz has been taken 300 times
    167 since last reset
  • The average score is 37 of 49
Answer Stats
Season Players Full List % Correct
2024-25 Tyrese Haliburton | Pascal Siakam | Myles Turner | Bennedict Mathurin | Andrew Nembhard | Aaron Nesmith | Obi Toppin | Ben Sheppard | T.J. McConnell | Isaiah Jackson | Jarace Walker | Thomas Bryant | Quenton Jackson | Enrique Freeman | Tony Bradley | Johnny Furphy | RayJ Dennis | Moses Brown | James Wiseman | James Johnson | Jahlil Okafor | Tristen Newton
99%
2023-24 Tyrese Haliburton | Pascal Siakam | Bruce Brown | Aaron Nesmith | Myles Turner | Bennedict Mathurin | Buddy Hield | Andrew Nembhard | Obi Toppin | T.J. McConnell | Jalen Smith | Ben Sheppard | Isaiah Jackson | Doug McDermott | Jarace Walker | Jordan Nwora | Daniel Theis | Oscar Tshiebwe | James Johnson | Kendall Brown | Isaiah Wong | Quenton Jackson
99%
2022-23 Tyrese Haliburton | Buddy Hield | Myles Turner | Bennedict Mathurin | Andrew Nembhard | Aaron Nesmith | Jalen Smith | T.J. McConnell | Chris Duarte | Oshae Brissett | Isaiah Jackson | Trevelin Queen | Goga Bitadze | James Johnson | Terry Taylor | Kendall Brown | Jordan Nwora | Gabe York | Daniel Theis | George Hill
99%
2021-22 Tyrese Haliburton | Domantas Sabonis | Malcolm Brogdon | Buddy Hield | Caris LeVert | Myles Turner | Justin Holiday | Chris Duarte | T.J. McConnell | Jalen Smith | Oshae Brissett | Torrey Craig | Lance Stephenson | Duane Washington Jr. | Keifer Sykes | Terry Taylor | Tristan Thompson | Kelan Martin | Jeremy Lamb | Brad Wanamaker | Goga Bitadze | Isaiah Jackson | Reggie Perry | Justin Anderson | DeJon Jarreau | Nate Hinton | Ahmad Caver | Gabe York
98%
2020-21 Domantas Sabonis | Malcolm Brogdon | Victor Oladipo | Caris LeVert | Myles Turner | Justin Holiday | T.J. Warren | T.J. McConnell | Oshae Brissett | Doug McDermott | Jeremy Lamb | Aaron Holiday | Edmond Sumner | Goga Bitadze | JaKarr Sampson | Kelan Martin | Amida Brimah | Cassius Stanley | Jalen Lecque | Brian Bowen
95%
2015-16 Paul George | George Hill | Monta Ellis | Ian Mahinmi | C.J. Miles | Myles Turner | Rodney Stuckey | Jordan Hill | Lavoy Allen | Ty Lawson | Chase Budinger | Solomon Hill | Glenn Robinson III | Joe Young | Rakeem Christmas | Shayne Whittington
93%
1999-00 Reggie Miller | Jalen Rose | Dale Davis | Mark Jackson | Rik Smits | Austin Croshere | Travis Best | Sam Perkins | Derrick McKey | Al Harrington | Chris Mullin | Žan Tabak | Jonathan Bender | Jeff Foster
93%
1998-99 Reggie Miller | Mark Jackson | Dale Davis | Antonio Davis | Rik Smits | Jalen Rose | Chris Mullin | Travis Best | Derrick McKey | Sam Perkins | Austin Croshere | Al Harrington | Fred Hoiberg | Mark Pope
93%
2019-20 Domantas Sabonis | T.J. Warren | Malcolm Brogdon | Myles Turner | Jeremy Lamb | Victor Oladipo | Justin Holiday | Aaron Holiday | Doug McDermott | T.J. McConnell | Edmond Sumner | JaKarr Sampson | Naz Mitrou-Long | Goga Bitadze | T.J. Leaf | Alize Johnson | Brian Bowen
92%
2018-19 Victor Oladipo | Bojan Bogdanović | Wesley Matthews | Thaddeus Young | Myles Turner | Darren Collison | Cory Joseph | Domantas Sabonis | Tyreke Evans | Doug McDermott | Aaron Holiday | Edmond Sumner | T.J. Leaf | Kyle O'Quinn | Davon Reed | Alize Johnson | Ike Anigbogu
92%
2017-18 Victor Oladipo | Thaddeus Young | Bojan Bogdanović | Darren Collison | Myles Turner | Cory Joseph | Domantas Sabonis | Lance Stephenson | Trevor Booker | Glenn Robinson III | Al Jefferson | Joe Young | T.J. Leaf | Damien Wilkins | Ben Moore | Alex Poythress | Ike Anigbogu | Edmond Sumner | Trey McKinney-Jones
92%
2016-17 Paul George | Jeff Teague | Myles Turner | Thaddeus Young | Monta Ellis | C.J. Miles | Lance Stephenson | Glenn Robinson III | Rodney Stuckey | Lavoy Allen | Al Jefferson | Aaron Brooks | Kevin Séraphin | Rakeem Christmas | Joe Young | Georges Niang
92%
2013-14 Paul George | Lance Stephenson | George Hill | David West | Roy Hibbert | Danny Granger | Evan Turner | C.J. Watson | Andrew Bynum | Luis Scola | Ian Mahinmi | Orlando Johnson | Donald Sloan | Solomon Hill | Lavoy Allen | Rasual Butler | Chris Copeland
92%
2012-13 Paul George | George Hill | David West | Lance Stephenson | Roy Hibbert | Gerald Green | Tyler Hansbrough | Ian Mahinmi | D.J. Augustin | Danny Granger | Sam Young | Orlando Johnson | Jeff Ayres | Ben Hansbrough | Dominic McGuire | Miles Plumlee
92%
2011-12 Paul George | Danny Granger | Darren Collison | Roy Hibbert | David West | George Hill | Tyler Hansbrough | Leandro Barbosa | Dahntay Jones | A.J. Price | Jeff Foster | Lou Amundson | Lance Stephenson | Kyrylo Fesenko | Jeff Ayres
92%
2003-04 Reggie Miller | Ron Artest | Jermaine O'Neal | Al Harrington | Jamaal Tinsley | Jeff Foster | Anthony Johnson | Kenny Anderson | Fred Jones | Austin Croshere | Jonathan Bender | Jamison Brewer | Scot Pollard | James Jones | Primož Brezec
92%
2002-03 Reggie Miller | Jermaine O'Neal | Ron Artest | Brad Miller | Jamaal Tinsley | Al Harrington | Ron Mercer | Erick Strickland | Jonathan Bender | Austin Croshere | Tim Hardaway | Jeff Foster | Jamison Brewer | Fred Jones | Primož Brezec
92%
2001-02 Reggie Miller | Jermaine O'Neal | Jalen Rose | Brad Miller | Jamaal Tinsley | Al Harrington | Ron Artest | Jeff Foster | Travis Best | Jonathan Bender | Kevin Ollie | Austin Croshere | Ron Mercer | Carlos Rogers | Primož Brezec | Bruno Šundov | Jamison Brewer | Norm Richardson
92%
2000-01 Reggie Miller | Jalen Rose | Jermaine O'Neal | Travis Best | Al Harrington | Austin Croshere | Jeff Foster | Sam Perkins | Derrick McKey | Žan Tabak | Tyus Edney | Bruno Šundov | Jonathan Bender | Terry Mills | Lari Ketner
92%
1997-98 Reggie Miller | Mark Jackson | Rik Smits | Dale Davis | Antonio Davis | Chris Mullin | Derrick McKey | Jalen Rose | Travis Best | Fred Hoiberg | Austin Croshere | Mark West | Mark Pope | Etdrick Bohannon
92%
1996-97 Reggie Miller | Mark Jackson | Dale Davis | Rik Smits | Derrick McKey | Antonio Davis | Travis Best | Haywoode Workman | Vincent Askew | Duane Ferrell | Jalen Rose | Reggie Williams | Erick Dampier | Jerome Allen | Fred Hoiberg | Eddie Johnson | Darvin Ham | LaSalle Thompson | Brent Scott
92%
1995-96 Reggie Miller | Dale Davis | Mark Jackson | Derrick McKey | Rik Smits | Antonio Davis | Ricky Pierce | Eddie Johnson | Haywoode Workman | Duane Ferrell | Travis Best | Dwayne Schintzius | Adrian Caldwell | Fred Hoiberg
92%
1994-95 Reggie Miller | Derrick McKey | Dale Davis | Rik Smits | Mark Jackson | Antonio Davis | Byron Scott | Sam Mitchell | Haywoode Workman | Vern Fleming | LaSalle Thompson | John Williams | Duane Ferrell | Greg Kite | Mark Strickland
92%
1993-94 Reggie Miller | Dale Davis | Derrick McKey | Pooh Richardson | Rik Smits | Haywoode Workman | Antonio Davis | Vern Fleming | Byron Scott | Lester Conner | Sam Mitchell | Malik Sealy | Kenny Williams | LaSalle Thompson | Gerald Paddio | Scott Haskin
92%
1992-93 Reggie Miller | Detlef Schrempf | Pooh Richardson | Dale Davis | Rik Smits | Vern Fleming | George McCloud | Sam Mitchell | Kenny Williams | Malik Sealy | LaSalle Thompson | Sean Green | Greg Dreiling
92%
1991-92 Reggie Miller | Chuck Person | Micheal Williams | Detlef Schrempf | Rik Smits | Vern Fleming | Dale Davis | George McCloud | LaSalle Thompson | Jerome Lane | Kenny Williams | Greg Dreiling | Mike Sanders | Sean Green | Randy Wittman
92%
1990-91 Reggie Miller | Chuck Person | Detlef Schrempf | Vern Fleming | LaSalle Thompson | Micheal Williams | Rik Smits | Mike Sanders | George McCloud | Greg Dreiling | Randy Wittman | Kenny Williams | Jawann Oldham | Byron Dinkins
92%
1989-90 Reggie Miller | Chuck Person | Vern Fleming | Detlef Schrempf | Rik Smits | LaSalle Thompson | Mike Sanders | Rickey Green | Calvin Natt | George McCloud | Randy Wittman | Greg Dreiling | Dyron Nix
92%
1988-89 Reggie Miller | Chuck Person | Herb Williams | Vern Fleming | LaSalle Thompson | Detlef Schrempf | Wayman Tisdale | Rik Smits | Randy Wittman | Scott Skiles | John Long | Stuart Gray | Greg Dreiling | Anthony Frederick | Everette Stephens | Richard Morton | Sedric Toney
92%
1987-88 Reggie Miller | Chuck Person | Vern Fleming | Steve Stipanovich | Wayman Tisdale | Herb Williams | John Long | Scott Skiles | Ron Anderson | Stuart Gray | Clinton Wheeler | Brian Rowsom | Greg Dreiling
92%
2010-11 Paul George | Danny Granger | Darren Collison | Roy Hibbert | Mike Dunleavy | Brandon Rush | Josh McRoberts | Tyler Hansbrough | T.J. Ford | James Posey | Jeff Foster | A.J. Price | Solomon Jones | Dahntay Jones | Lance Stephenson
91%
2014-15 Paul George | George Hill | Solomon Hill | David West | Rodney Stuckey | C.J. Miles | Roy Hibbert | C.J. Watson | Donald Sloan | Luis Scola | A.J. Price | Ian Mahinmi | Lavoy Allen | Chris Copeland | Damjan Rudež | Shayne Whittington
90%
2004-05 Reggie Miller | Ron Artest | Stephen Jackson | Jermaine O'Neal | Jamaal Tinsley | Fred Jones | Dale Davis | Anthony Johnson | Jeff Foster | Austin Croshere | David Harrison | Scot Pollard | James Jones | Britton Johnsen | Eddie Gill | Michael Curry | Jonathan Bender | Marcus Haislip | Tremaine Fowlkes | John Edwards
89%
2005-06 Ron Artest | Peja Stojaković | Stephen Jackson | Jermaine O'Neal | Fred Jones | Jamaal Tinsley | Anthony Johnson | Jeff Foster | Austin Croshere | Danny Granger | Šarūnas Jasikevičius | Scot Pollard | David Harrison | Jonathan Bender | Samaki Walker | Eddie Gill
74%
2007-08 Danny Granger | Jamaal Tinsley | Jermaine O'Neal | Mike Dunleavy | Troy Murphy | Jeff Foster | Ronald Murray | Kareem Rush | Marquis Daniels | Travis Diener | Shawne Williams | David Harrison | Andre Owens | Ike Diogu | Stephen Graham | Courtney Sims
71%
2006-07 Jermaine O'Neal | Mike Dunleavy | Danny Granger | Al Harrington | Stephen Jackson | Jamaal Tinsley | Troy Murphy | Jeff Foster | Šarūnas Jasikevičius | Marquis Daniels | Darrell Armstrong | Keith McLeod | Ike Diogu | Shawne Williams | Josh Powell | Rawle Marshall | Maceo Baston | David Harrison | Orien Greene
71%
2009-10 Danny Granger | Troy Murphy | Brandon Rush | Earl Watson | T.J. Ford | Roy Hibbert | Dahntay Jones | Mike Dunleavy | Tyler Hansbrough | Luther Head | Jeff Foster | A.J. Price | Solomon Jones | Josh McRoberts | Travis Diener
62%
2008-09 Danny Granger | Troy Murphy | Jarrett Jack | Marquis Daniels | T.J. Ford | Mike Dunleavy | Jeff Foster | Brandon Rush | Rasho Nesterović | Roy Hibbert | Stephen Graham | Travis Diener | Josh McRoberts | Maceo Baston
62%
1986-87 Chuck Person | Steve Stipanovich | Herb Williams | Vern Fleming | John Long | Wayman Tisdale | Clint Richardson | Kyle Macy | Clark Kellogg | Michael Brooks | Ron Anderson | Walker Russell | Pete Verhoeven | Stuart Gray | Greg Dreiling
30%
1981-82 Johnny Davis | Don Buse | Herb Williams | Mike Bantom | Clemon Johnson | Louis Orr | Billy Knight | Tom Owens | George McGinnis | Jerry Sichting | Butch Carter | George Johnson | Raymond Townsend
30%
1982-83 Clark Kellogg | Herb Williams | Jerry Sichting | Billy Knight | George Johnson | Clemon Johnson | Butch Carter | Marty Byrnes | John Duren | Russ Schoene | Brad Branson | Jose Slaughter | Guy Morgan
28%
1980-81 Johnny Davis | Mike Bantom | James Edwards | Billy Knight | George McGinnis | Dudley Bradley | Louis Orr | George Johnson | Clemon Johnson | Don Buse | Jerry Sichting | Tom Abernethy | Kenny Natt | Dick Miller
28%
1979-80 Johnny Davis | Mickey Johnson | Mike Bantom | Alex English | James Edwards | George McGinnis | Billy Knight | Dudley Bradley | Clemon Johnson | Phil Chenier | Joe Hassett | Ron Carter | Brad Davis | Tony Zeno | Corky Calhoun | John Kuester
27%
1984-85 Herb Williams | Clark Kellogg | Vern Fleming | Steve Stipanovich | Jerry Sichting | Jim Thomas | Tony Brown | Bill Garnett | Terence Stansbury | Kenton Edelin | Devin Durrant | Ralph Jackson | Greg Kelser | Granville Waiters | Stuart Gray
26%
1983-84 Clark Kellogg | Herb Williams | Jerry Sichting | Steve Stipanovich | Butch Carter | George Johnson | Jim Thomas | Sidney Lowe | Kevin McKenna | Brook Steppe | Granville Waiters | Bruce Kuczenski | Leroy Combs | Tracy Jackson
26%
1985-86 Vern Fleming | Herb Williams | Steve Stipanovich | Clark Kellogg | Wayman Tisdale | Clint Richardson | Ron Anderson | Bryan Warrick | Terence Stansbury | Bill Garnett | Quinn Buckner | Bill Martin | Dwayne McClain | Stuart Gray
25%
1976-77 Billy Knight | Don Buse | John Williamson | Wil Jones | Darnell Hillman | Dan Roundfield | Dave Robisch | Mike Flynn | Freddie Lewis | Mel Bennett | Steve Green | Clyde Mayes | Darrell Elston | Len Elmore | Rudy Hackett | Jerome Anderson
23%
1978-79 Johnny Davis | Ricky Sobers | Alex English | Mike Bantom | James Edwards | Billy Knight | Rick Robey | Corky Calhoun | Len Elmore | Kevin Stacom | Wayne Radford | Brad Davis | Steve Green
20%
1977-78 Adrian Dantley | Ricky Sobers | John Williamson | Mike Bantom | Earl Tatum | Dan Roundfield | James Edwards | Dave Robisch | Ron Behagen | Len Elmore | Bob Carrington | Mike Flynn | Johnny Neumann | Steve Green | Mel Bennett | Bobby Wilson | Willie Smith
17%
No matching quizzes found
Score Distribution
Percent of People with Each Score
Percentile by Number Answered
Your Score History
You have not taken this quiz since the last reset